| 000 | 00599nam a2200205 a 4500 | ||
|---|---|---|---|
| 005 | 20140310183450.0 | ||
| 008 | 090120s19uu xx 00 eng d | ||
| 020 | _a0787965383 | ||
| 050 |
_aLB 2805 _b.Sp745 2006 |
||
| 100 | _aSpillane, James P. | ||
| 245 | _aDistributed leadership. | ||
| 260 |
_aSan Francisco, California : _bJossey-Bass, _c2006. |
||
| 300 |
_a119 p. : _bill. ; _c24 cm. |
||
| 521 | _aBSBA | ||
| 650 | _aBSBA. | ||
| 650 |
_aEducational leadership _xUnited States. |
||
| 650 |
_aSchool management and organization _xUnited States. |
||
| 942 |
_cBK _2lcc _kFOR |
||
| 999 |
_c23389 _d23389 |
||